Top 10 ABBA Songs by Plays - Statistics

General Stats
  • This quiz has been taken 338 times
  • The average score is 7 of 10
Answer Stats
Picture Hint Answer % Correct
#1: 910,882,610 Dancing Queen
94%
#3: 389,925,296 Mamma Mia
90%
#7: 231,883,804 Waterloo
84%
#9: 214,903,844 Super Trouper
81%
#2: 542,751,261 Gimme! Gimme! Gimme! (A Man After Midnight)
75%
#4: 305,229,518 The Winner Takes It All
63%
#8: 218,672,031 Chiquitita
62%
#5: 269,110,571 Lay All Your Love On Me
58%
#10: 149,846,127 SOS
54%
#6: 259,976,909 Take A Chance On Me
51%
No matching quizzes found
Score Distribution
Percent of People with Each Score
Percentile by Number Answered
Your Score History
You have not taken this quiz